000 00349 a2200157 4500
001 62832
020 _a9788535907353
040 _cAnchieta - Pituba
100 _aGiannetti, Eduardo
240 1 0 _aO valor do amanhã
_lpor
245 1 0 _aO valor do amanhã
300 _a337
362 0 _a2005
650 4 _aTeorias de enriquecimento
942 _cBK
999 _c62832
_d62832